[Event "Europe Echecs Blitz May op"]
[Site "Europe Echecs INT"]
[Date "2021.05.09"]
[Round "6"]
[White "Aliyarli, Said"]
[Black "Vedel, Wilhem"]
[Result "0-1"]
[WhiteElo "1208"]
[BlackElo "1700"]
[PlyCount "96"]
[EventDate "2021.05.09"]
[EventType "swiss (blitz)"]
[EventRounds "11"]
[EventCountry "FRA"]
[SourceTitle "CBM 202 Extra"]
[Source "ChessBase"]
[SourceDate "2021.07.31"]
[SourceVersion "1"]
[SourceVersionDate "2021.07.31"]
[SourceQuality "1"]

1. d4 d5 2. c4 Nf6 3. e3 g6 4. Nc3 Bg7 5. Nf3 c6 6. cxd5 Nxd5 7. Bc4 0-0 8. 0-0 Bg4 9. Nxd5 cxd5 10. Be2 Nc6 11. h3 Bf5 12. a3 e5 13. dxe5 Nxe5 14. Nxe5 Bxe5 15. f4 Bg7 16. Bd3 Be6 17. f5 Bd7 18. Qf3 Bc6 19. f6 Bh6 20. e4 dxe4 21. Bxe4 Qd4+ 22. Qf2 Qxf2+ 23. Kxf2 Bxc1 24. Bxc6 Bxb2 25. Rab1 Bd4+ 26. Kg3 bxc6 27. Rb4 c5 28. Rc4 Rab8 29. Ra4 Rb7 30. Rf3 Rc8 31. h4 c4 32. h5 Be5+ 33. Kg4 c3 34. Rf1 c2 35. hxg6 hxg6 36. Re4 Bxf6 37. Rc1 Bb2 38. Rce1 c1Q 39. Re8+ Rxe8 40. Rxe8+ Kg7 41. Re4 f5+ 42. Kg3 fxe4 43. a4 e3 44. a5 e2 45. a6 e1Q+ 46. Kg4 Rb6 47. Kf3 Qce3+ 48. Kg4 Q1g3# 0-1

[Event "Europe Echecs Blitz May op"]
[Site "Europe Echecs INT"]
[Date "2021.05.09"]
[Round "10"]
[White "Mabire, Manuel"]
[Black "Vedel, Wilhem"]
[Result "0-1"]
[WhiteElo "1801"]
[BlackElo "1700"]
[PlyCount "152"]
[EventDate "2021.05.09"]
[EventType "swiss (blitz)"]
[EventRounds "11"]
[EventCountry "FRA"]
[SourceTitle "CBM 202 Extra"]
[Source "ChessBase"]
[SourceDate "2021.07.31"]
[SourceVersion "1"]
[SourceVersionDate "2021.07.31"]
[SourceQuality "1"]

1. e4 e5 2. Nc3 Nc6 3. f4 d6 4. Nf3 Nf6 5. h3 g6 6. Bc4 Bg7 7. 0-0 0-0 8. Kh1 Nh5 9. Kh2 Nxf4 10. d4 Nxd4 11. Bxf4 Nxf3+ 12. Rxf3 exf4 13. Nd5 Be6 14. Bb3 Be5 15. Nxf4 Qg5 16. g3 Bxb3 17. axb3 Bxf4 18. Rxf4 Qc5 19. c3 Rae8 20. Qf3 Re5 21. Rf1 Re7 22. h4 c6 23. h5 Qxh5+ 24. Rh4 Qxf3 25. Rxf3 Rfe8 26. Rhf4 Rxe4 27. Rxf7 R4e7 28. R7f6 d5 29. b4 Re2+ 30. Rf2 Rxf2+ 31. Rxf2 Rf8 32. Re2 Rf7 33. Re8+ Kg7 34. Re2 Kf6 35. Kg2 g5 36. g4 Re7 37. Rf2+ Kg6 38. Kg3 Re4 39. Rf3 Re2 40. b3 Re1 41. c4 dxc4 42. bxc4 Re4 43. Rc3 Kf6 44. b5 Ke5 45. bxc6 bxc6 46. Kf3 Rf4+ 47. Kg3 Kd4 48. Rc1 Kc5 49. Ra1 Rxc4 50. Rxa7 Rc3+ 51. Kg2 Kd4 52. Rxh7 Ke4 53. Rg7 Kf4 54. Rf7+ Kxg4 55. Rg7 Rc2+ 56. Kf1 Rc5 57. Rf7 Kg3 58. Rg7 g4 59. Rg6 Kh4 60. Rg8 g3 61. Kg2 Rc2+ 62. Kf3 Rc3+ 63. Kg2 c5 64. Rh8+ Kg4 65. Rg8+ Kf4 66. Rf8+ Ke4 67. Re8+ Kd4 68. Rg8 c4 69. Rg4+ Kc5 70. Kh3 Kb4 71. Kh4 Kb3 72. Rg8 Kb2 73. Rb8+ Rb3 74. Rg8 c3 75. Rxg3 c2 76. Rg2 Kb1 0-1

[Event "Europe Echecs Blitz May op"]
[Site "Europe Echecs INT"]
[Date "2021.05.09"]
[Round "9"]
[White "Vedel, Wilhem"]
[Black "Bernard, Ines"]
[Result "1-0"]
[WhiteElo "1700"]
[BlackElo "1219"]
[PlyCount "61"]
[EventDate "2021.05.09"]
[EventType "swiss (blitz)"]
[EventRounds "11"]
[EventCountry "FRA"]
[SourceTitle "CBM 202 Extra"]
[Source "ChessBase"]
[SourceDate "2021.07.31"]
[SourceVersion "1"]
[SourceVersionDate "2021.07.31"]
[SourceQuality "1"]

1. e4 e6 2. d4 d5 3. exd5 exd5 4. Bd3 Nf6 5. h3 Bd6 6. Nf3 c6 7. 0-0 0-0 8. Bg5 h6 9. Bh4 Be6 10. Nbd2 Nbd7 11. c3 Be7 12. a4 a5 13. Qb3 Qc8 14. Ne5 Re8 15. f4 c5 16. Bb5 c4 17. Qc2 Nxe5 18. fxe5 Nd7 19. Nf3 Bxh4 20. Nxh4 Rf8 21. Nf5 Nb6 22. Ne7+ Kh8 23. Nxc8 Rfxc8 24. Rf2 g6 25. Raf1 Bf5 26. Rxf5 gxf5 27. Qxf5 Rg8 28. Qf6+ Kh7 29. Qxb6 Rg7 30. Qxb7 Rag8 31. Rxf7 1-0

[Event "FRA-ch U16"]
[Site "Saint Paul Trois Chateaux"]
[Date "2013.04.28"]
[Round "1"]
[White "Dumas, Charles"]
[Black "Vedel, Wilhem"]
[Result "1-0"]
[WhiteElo "2077"]
[BlackElo "1742"]
[PlyCount "49"]
[EventDate "2013.04.28"]
[EventType "swiss"]
[EventRounds "9"]
[EventCountry "FRA"]
[SourceTitle "CBM 154 Extra"]
[Source "ChessBase"]
[SourceDate "2013.06.25"]
[SourceVersion "2"]
[SourceVersionDate "2013.06.25"]
[SourceQuality "1"]

1. e4 c5 2. c3 d6 3. d4 cxd4 4. cxd4 Nf6 5. Nc3 g6 6. h3 Bg7 7. Nf3 0-0 8. Be3 Nc6 9. d5 Ne5 10. Nxe5 dxe5 11. Bc4 Qc7 12. Bb3 Rd8 13. Qe2 Bd7 14. 0-0 a6 15. Rac1 Qd6 16. Rfd1 Rac8 17. a3 b5 18. Bd2 e6 19. Bg5 exd5 20. Nxd5 Rxc1 21. Rxc1 Rc8 22. Nxf6+ Bxf6 23. Rd1 Qe7 24. Bxf6 Qxf6 25. Rxd7 1-0